| 000 | 00942nam a22002417a 4500 | ||
|---|---|---|---|
| 005 | 20170529111722.0 | ||
| 010 | _a1617EN ENG-117965 | ||
| 020 |
_a9789380828695 _c600.00 |
||
| 035 | _aB-648436-442 | ||
| 035 | _aEN-101497 | ||
| 035 | _aB-664751 | ||
| 037 |
_adpl _bStar |
||
| 037 | _bDBAD/PUB | ||
| 082 | _a954.0841 | ||
| 100 | _aDhar, Anuj | ||
| 245 |
_aIndia's biggest cover-up / _cby Anuj Dhar |
||
| 260 |
_aNew Delhi _bVitasta Pub. _c2016 |
||
| 270 |
_a2/15, Ansari Road, Darya Ganj, _bNew Delhi _e110002 |
||
| 300 |
_a443p. _c23cm(Hb) |
||
| 942 |
_2ddc _cEN _mDHA _h954.0841 |
||
| 999 |
_c102547 _d102547 |
||